Colección documental del descubrimiento (Registro nro. 8428)

Detalles MARC
000 -CABECERA
Longitud fija campo de control 01132nam a22002535b 4500
001 - NÚMERO DE CONTROL
Número de control Mimo0000422936
003 - IDENTIFICADOR DELl NÚMERO DE CONTROL
Identificador del número de control OSt
005 - FECHA Y HORA DE LA ÚLTIMA TRANSACCIÓN
Fecha y hora de la última transacción 20140325103613.0
008 - CÓDIGOS DE INFORMACIÓN DE LONGITUD FIJA
Códigos de información de longitud fija 941117s1994 sp | ||| ||spa
020 ## - NÚMERO INTERNACIONAL NORMALIZADO PARA LIBROS
Número Internacional Normalizado para Libros (ISBN) 84-7100-644-2 (obra completa)
040 ## - FUENTE DE LA CATALOGACIÓN
Centro transcriptor BMC
082 ## - NÚMERO DE LA CLASIFICACIÓN DECIMAL DEWEY
Númeroo de clasificación 980.010203
245 1# - MENCIÓN DE TÍTULO
Título Colección documental del descubrimiento
Resto del título : (1470-1506)
Mención de responsabilidad, etc. Juan Pérez de Tudela (director de la edición) ... [et al.]
260 0# - PUBLICACIÓN, DISTRIBUCIÓN, ETC. (PIE DE IMPRENTA)
Lugar de publicación, distribución, etc. [Madrid]
Nombre del editor, distribuidor, etc. Fundación MAPFRE América
Fecha de publicación, distribución, etc. 1994
300 ## - DESCRIPCIÓN FÍSICA
Extensión 3 v. (2225 p.)
Dimensiones 26 cm
500 ## - NOTA GENERAL
Nota general Índices
504 ## - NOTA DE BIBLIOGRAFÍA, ETC
Nota de bibliografía, etc. Bibliografía: v. 3, p. [2127]-2147
505 0# - NOTA DE CONTENIDO CON FORMATO
Nota de contenido con formato Contiene: t. I. 22 de septiembre de 1470-12 de junio de 1494 - t. II. 21 de junio de 1494-12 de diciembre de 1501 - t. III. 12 de diciembre de 1501-4 de junio de 1506 y Addenda
594 ## - NOTA AL TÍTULO Y MENCIÓN DE RESPONSABIBLIDAD
Nota Al Título Y Mención De Responsabilidad En la port.: Real Academia de la Historia, Consejo Superior de Investigaciones Científicas
651 24 - PUNTO DE ACCESO ADICIONAL DE MATERIA - NOMBRE GEOGRÁFICO
Nombre geográfico América española
Subdivisión de materia general Historia
Subdivisión cronológica 1492-1600 (Descubrimiento y conquista)
Subdivisión de forma Fuentes
9 (RLIN) 16137
700 1# - PUNTO DE ACCESO ADICIONAL - NOMBRE DE PERSONA
Nombre de persona Pérez de Tudela y Bueso, Juan
Fechas asociadas al nombre 1922-2004
9 (RLIN) 3521
710 2# - PUNTO DE ACCESO ADICIONAL - NOMBRE DE ENTIDAD
9 (RLIN) 16135
Nombre de entidad o nombre de jurisdicción como elemento inicial Real Academia de la Historia (España)
942 ## - ENTRADA DE ELEMENTOS AGREGADOS (KOHA)
Fuente de clasificaión o esquema Dewey Decimal Classification
Koha [por defecto] tipo de item 1- Monografias
Existencias
Suprimido Perdido Fuente de clasificación o esquema Estropeado Restricciones de uso No para préstamo Código de colección Localización permanente Localización actual Localización en estanter&íacute;as Fecha adquisición Fuente de adquisición Número de inventario Préstamos totales Signatura completa Código de barras Fecha última consulta Fecha último préstamo Fecha del precio de reemplazo Tipo de item de Koha
NULL NULL Dewey Decimal Classification NULL Prestable NULL NULL Biblioteca Miguel de Cervantes - UNICAES Biblioteca Miguel de Cervantes - UNICAES Sala Principal 24/03/2014 Donación - UNICO 013410 1 980.0102 COL (v. 1) 1013410 22/02/2016 19/02/2016 24/03/2014 1- Monografias
NULL NULL Dewey Decimal Classification NULL Prestable NULL NULL Biblioteca Miguel de Cervantes - UNICAES Biblioteca Miguel de Cervantes - UNICAES Sala Principal 24/03/2014 Donación - UNICO 013411   980.0102 COL (v. 2) 1013411 24/03/2014   24/03/2014 1- Monografias
NULL NULL Dewey Decimal Classification NULL Prestable NULL NULL Biblioteca Miguel de Cervantes - UNICAES Biblioteca Miguel de Cervantes - UNICAES Sala Principal 24/03/2014 Donación - UNICO 013412 2 980.0102 COL (v. 3) 1013412 28/10/2019 26/10/2019 24/03/2014 1- Monografias